Datum a čas kvízu
31.5
Celkem bodů
Celkový počet nahraných bodů na tomto kvízu bez doplňovacích otázek.
4.
Pořadí na kvízu
Konečné umístění týmu na tomto kvízu.
Zaznamenané odpovědi
| # | Otázka | Odpověď | Body | Výsledky |
|---|---|---|---|---|
| 1. | Ti, kteří se pořádně zaměřili... | Bureši, čaú | 1 | |
| 2. | Na výročí Světového dne metrol... | Max Planck | 1 | |
| 3. | Zlínský filmový festival minul... | kybernetický útok | 0 | |
| 4. | Rakouský nábytkářský řetězec X... | Kika | 1 | |
| 5. | V pondělí nás opustil Niki Lau... | Ferrari, McLaren | 1 | |
| 6. | Jakou barvu má pruh, který je... | černou | 1 | |
| 7. | Jaká barva kromě zelené a bílé... | žádná | 0 | |
| 8. | Na bolívijské vlajce je modrý... | D | 1 | |
| 9. | Jakou barvu má prostřední pruh... | zelenou | 0 | |
| 10. | Uveďte barvy pruhů na vlajce B... | černý, žlutý, červený | 1 |